Catálogo
 En Linea

Historia de la ciudad de Puerto Plata / (Registro nro. 29440)

Detalles MARC
000 -CABECERA
campo de control de longitud fija 01669nam a2200265 i 4500
001 - NÚMERO DE CONTROL
campo de control 000029948
003 - IDENTIFICADOR DEL NÚMERO DE CONTROL
campo de control DO-SdBNP
005 - FECHA Y HORA DE LA ÚLTIMA TRANSACCIÓN
campo de control 20241025101341.0
007 - CAMPO FIJO DE DESCRIPCIÓN FÍSICA--INFORMACIÓN GENERAL
campo de control de longitud fija ta
008 - DATOS DE LONGITUD FIJA--INFORMACIÓN GENERAL
campo de control de longitud fija 110427s2003 dr abc 000 0 spa d
040 ## - FUENTE DE LA CATALOGACIÓN
Centro catalogador/agencia de origen DO-SdBNP
Lengua de catalogación spa
Centro/agencia transcriptor BNPHU
Normas de descripción rda
049 ## - FONDOS LOCALES (OCLC)
Fondos de biblioteca BNPD
082 #4 - NÚMERO DE LA CLASIFICACIÓN DECIMAL DEWEY
Número de clasificación xxx
Número de documento/Ítem C172h
Número de edición 22
100 1# - ENTRADA PRINCIPAL--NOMBRE DE PERSONA
Nombre de persona Camarena, Germán,
Término indicativo de función/relación autor
Código de función/relación aut.
9 (RLIN) 56691
245 10 - MENCIÓN DE TÍTULO
Título Historia de la ciudad de Puerto Plata /
Mención de responsabilidad, etc. Gemán Camarena.
264 #4 - PRODUCCIÓN, PUBLICACIÓN, DISTRIBUCIÓN, FABRICACIÓN Y COPYRIGHT
Producción, publicación, distribución, fabricación y copyright Puerto Plata, República Dominicana :
Nombre del de productor, editor, distribuidor, fabricante Editora Corripio,
Fecha de producción, publicación, distribución, fabricación o copyright 2003.
300 ## - DESCRIPCIÓN FÍSICA
Extensión 415 páginas :
Otras características físicas ilustraciones, mapas, retratos ;
Dimensiones 24 cm.
336 ## - TIPO DE CONTENIDO
Término de tipo de contenido texto
Código de tipo de contenido txt
Fuente rdacontent
337 ## - TIPO DE MEDIO
Nombre/término del tipo de medio sin mediación
Código del tipo de medio n
Fuente rdamedia
338 ## - TIPO DE SOPORTE
Nombre/término del tipo de soporte volumen
Código del tipo de soporte nc
Fuente rdacarrier
500 ## - NOTA GENERAL
Nota general Incluye datos biográficos del autor en la contracubierta
505 2# - NOTA DE CONTENIDO CON FORMATO
Nota de contenido con formato Primera parte--
Título Puerto Plata desde 1502 - 1505 : origen de la ciudad --
-- Descripción de la ciudad de Puerto Plata--
-- Dominio y organización de los indígenas antes de la fundación de Puerto Plata--
-- El indio--
Información miscelánea Segunda parte--
Título Puetro Plata desde 1605 al 1863 : construcción de la segunda ciudad --
-- Eliminación de la ciudad de Puerto Plata por más de un siglo--
-- Facilidades concedidas a los nuevos pobladores de Puerto Plata--
-- Levantamiento de la nueva ciudad de Puerto Plata--
-- Lista de las primeras herramientas que llegaron a la nueva ciudad de Puerto Plata--
Información miscelánea Tercera parte--
Título Puerto Plata desde 1863 hasta el 2002 : construción del actual Puerto Plata--
-- Incendio de 1863 destruye la ciudad de Puerto Plata--
-- Puerto Plata: Distrito independiente--
-- Periódico El Porvenir--
-- General Gregorio Luperón.
590 ## - NOTA LOCAL (RLIN)
Nota local Inventariado, 2024/BT
942 ## - ELEMENTOS DE PUNTO DE ACCESO ADICIONAL (KOHA)
Fuente del sistema de clasificación o colocación Dewey Decimal Classification
Tipo de ítem Koha Libro
Existencias
Estado de retiro Estado de pérdida Fuente del sistema de clasificación o colocación Restricciones de uso No para préstamo Código de colección Localización permanente Ubicación/localización actual Ubicación en estantería Fecha de adquisición Total de préstamos Signatura topográfica completa Código de barras Fecha visto por última vez Precio válido a partir de Tipo de ítem Koha Fuente de adquisición Número de copia Nota pública
    Dewey Decimal Classification Excluido de préstamo   Patrimonio Dominicano Biblioteca Nacional Pedro Henríquez Ureña Biblioteca Nacional Pedro Henríquez Ureña En catalogación 27.04.2011   BNPHU PD 29948-10 25.06.2020 25.06.2020 Libro      
    Dewey Decimal Classification Excluido de préstamo   Patrimonio Dominicano Biblioteca Nacional Pedro Henríquez Ureña Biblioteca Nacional Pedro Henríquez Ureña En catalogación 25.10.2024   BNPHU PD 2024-6117 25.10.2024 25.10.2024 Libro Donado por la Presidencia de la República Dominicana 2023. e.2 Perteneció a la biblioteca personal de Emilio Cordero Michel.

Con tecnología Koha